| 000 | 00922pab a2200181 454500 | ||
|---|---|---|---|
| 008 | 180718b2001 xxu||||| |||| 00| 0 eng d | ||
| 100 | _aMishra, Yatish | ||
| 245 | _aTelecom infrastructure in rural India | ||
| 260 | _c2001 | ||
| 300 | _ap.426-433. | ||
| 362 | _aJul-Sep | ||
| 520 | _aA vast segment of population living in the rural areas across the country is still deprived of communication facilities. The developmental activities in these areas have reached a stage where availability of reliable communication can elinch the much needed advantage. The article elaborates several available options that can help in effecting penetration of these services with suitable technologies and in a cost-efficient manner. - Reproduced | ||
| 650 | _aIndia - Telecommunication industries | ||
| 650 | _aTelecommunications industry | ||
| 773 | _aIndian Journal of Public Administration | ||
| 908 | _aN | ||
| 909 | _a50620 | ||
| 999 |
_c50620 _d50620 |
||